<?xml version="1.0" encoding="UTF-8"?>
<record
    xmlns:xsi="http://www.w3.org/2001/XMLSchema-instance"
    xsi:schemaLocation="http://www.loc.gov/MARC21/slim http://www.loc.gov/standards/marcxml/schema/MARC21slim.xsd"
    xmlns="http://www.loc.gov/MARC21/slim">

  <leader>00502nam a22001697a 4500</leader>
  <controlfield tag="005">20150324150423.0</controlfield>
  <controlfield tag="008">150324b        xxu||||| |||| 00| 0 eng d</controlfield>
  <datafield tag="020" ind1=" " ind2=" ">
    <subfield code="a">9698793631</subfield>
  </datafield>
  <datafield tag="040" ind1=" " ind2=" ">
    <subfield code="c">PK-LaUMT</subfield>
  </datafield>
  <datafield tag="082" ind1=" " ind2=" ">
    <subfield code="a">KHC 297.8</subfield>
    <subfield code="b">SAE-U</subfield>
  </datafield>
  <datafield tag="100" ind1=" " ind2=" ">
    <subfield code="a">&#x633;&#x639;&#x6CC;&#x62F;&#x627;&#x62D;&#x645;&#x62F; &#x627;&#x6A9;&#x628;&#x631;</subfield>
  </datafield>
  <datafield tag="245" ind1=" " ind2=" ">
    <subfield code="a">&#x639;&#x644;&#x645;&#x627;&#x626;&#x6D2; &#x62D;&#x642; &#x6A9;&#x627; &#x633;&#x6CC;&#x627;&#x633;&#x6CC;  &#x645;&#x648;&#x642;&#x641;</subfield>
    <subfield code="c">&#x633;&#x639;&#x6CC;&#x62F;&#x627;&#x62D;&#x645;&#x62F; &#x627;&#x6A9;&#x628;&#x631;</subfield>
  </datafield>
  <datafield tag="260" ind1=" " ind2=" ">
    <subfield code="a">&#x644;&#x627;&#x6C1;&#x648;&#x631;</subfield>
    <subfield code="b">&#x62C;&#x645;&#x6CC;&#x639;&#x6C3; &#x67E;&#x628;&#x644;&#x6CC;&#x6A9;&#x6CC;&#x634;&#x646;&#x632;</subfield>
    <subfield code="c">2007</subfield>
  </datafield>
  <datafield tag="300" ind1=" " ind2=" ">
    <subfield code="a">239 &#x635;</subfield>
  </datafield>
  <datafield tag="700" ind1=" " ind2=" ">
    <subfield code="a">&#x627;&#x628;&#x648;&#x633;&#x644;&#x645;&#x627;&#x646; (&#x62A;&#x62F;&#x648;&#x6CC;&#x646;</subfield>
  </datafield>
  <datafield tag="942" ind1=" " ind2=" ">
    <subfield code="c">BK</subfield>
  </datafield>
  <datafield tag="999" ind1=" " ind2=" ">
    <subfield code="c">68109</subfield>
    <subfield code="d">68109</subfield>
  </datafield>
  <datafield tag="952" ind1=" " ind2=" ">
    <subfield code="0">0</subfield>
    <subfield code="1">0</subfield>
    <subfield code="4">0</subfield>
    <subfield code="7">0</subfield>
    <subfield code="a">01</subfield>
    <subfield code="b">01</subfield>
    <subfield code="d">2015-03-24</subfield>
    <subfield code="l">0</subfield>
    <subfield code="o">KHC 297.8 SAE-U</subfield>
    <subfield code="p">68884</subfield>
    <subfield code="r">2015-03-24 00:00:00</subfield>
    <subfield code="w">2015-03-24</subfield>
    <subfield code="y">BK</subfield>
  </datafield>
</record>
